NFL QBs i know - Statistics

General Stats
  • This quiz has been taken 127 times
  • The average score is 31 of 129
Answer Stats
Answer % Correct
Tom Brady
90%
Patrick Mahomes
77%
Aaron Rodgers
73%
Eli Manning
68%
Joe Montana
68%
Peyton Manning
68%
Josh Allen
66%
Archie Manning
65%
Zach Wilson
59%
Drew Brees
57%
Lamar Jackson
56%
Steve Young
56%
Alex Smith
53%
Brett Favre
53%
Joe Burrow
52%
Daniel Jones
49%
Mac Jones
48%
Landry Jones
47%
Matthew Stafford
47%
Ben Roethlisberger
46%
Justin Herbert
46%
Dan Marino
44%
Jared Goff
44%
Philip Rivers
43%
Deshaun Watson
41%
Carson Wentz
40%
Dak Prescott
39%
Derek Carr
39%
David Carr
38%
Jimmy Garoppolo
38%
Kyler Murray
38%
Matt Ryan
37%
Terry Bradshaw
37%
Joe Flacco
36%
Kirk Cousins
36%
Cam Newton
35%
Michael Vick
35%
Trevor Lawrence
35%
Tua Tagovailoa
34%
John Elway
33%
Johnny Unitas
33%
Ryan Tannehill
33%
Tony Romo
33%
Donovan McNabb
32%
Bart Starr
31%
Jim Kelly
30%
Troy Aikman
30%
Jalen Hurts
29%
Jameis Winston
29%
Justin Fields
29%
Nick Foles
29%
Andrew Luck
26%
Andy Dalton
26%
Roger Staubach
25%
Warren Moon
25%
Joe Namath
24%
Carson Palmer
23%
Kurt Warner
23%
Teddy Bridgewater
23%
Drew Bledsoe
22%
Tyrod Taylor
22%
Otto Graham
21%
Drew Lock
20%
Randall Cunningham
20%
Jay Cutler
19%
Sam Darnold
19%
Fran Tarkenton
18%
Marcus Mariota
18%
Davis Mills
16%
Jordan Love
16%
Matt Schaub
16%
Mitchell Trubisky
16%
Randy White
16%
Blake Bortles
15%
Dan Fouts
15%
Len Dawson
15%
Joe Theismann
14%
Boomer Esiason
13%
Ken Anderson
13%
Ryan Fitzpatrick
13%
Trey Lance
13%
Sammy Baugh
12%
Bob Griese
11%
Brian Griese
11%
Phil Simms
11%
Taylor Heinicke
11%
Vinny Testaverde
11%
Chad Henne
10%
Robert Griffin
10%
Matt Hasselbeck
9%
Tim Tebow
9%
Gardner Minshew
8%
Brian Hoyer
7%
Johnny Manziel
7%
Ken Stabler
7%
Taysom Hill
7%
Chad Pennington
6%
Dwayne Haskins
6%
Jake Delhomme
6%
Tyler Huntley
6%
Bernie Kosar
5%
Jim McMahon
5%
Josh Rosen
5%
Matt Cassel
5%
Ron Jaworski
5%
Colt McCoy
4%
Mason Rudolph
4%
Sid Luckman
4%
Kordell Stewart
3%
Marc Bulger
3%
Neil Lomax
3%
Bobby Layne
2%
Jeff Hostetler
2%
Jim Hart
2%
Norm Van Brocklin
2%
Trevor Siemian
2%
Devlin Hodges
1%
Neil ODonnell
1%
Trace McSorley
1%
Bakey Mayfield
0%
Bobby Brister
0%
Charley Johnson
0%
Charlie Batch
0%
Don Meredith
0%
Ian Book
0%
Kellen Mond
0%
Matt Brunell
0%
Tommy Maddox
0%
No matching quizzes found
Score Distribution
Percent of People with Each Score
Percentile by Number Answered
Your Score History
You have not taken this quiz